Countries With The Tallest Buildings In Asia On A Map - Statistics

General Stats
  • This quiz has been taken 8 times
  • The average score is 6 of 15
Answers on the Map
Answers color-coded by a green-red scale on the quiz's map according to % correct below.
 
Answer Stats
Answer % Correct
Burj Khalifa
100%
Makkah Royal Clock Tower
71%
Petronas Twin Tower 1
71%
Petronas Twin Tower 2
71%
Taipei 101
71%
International Commerce Centre
43%
Lotte World Tower
43%
Vincom Landmark 81
43%
Changsha IFS Tower T1
29%
CITIC Tower
29%
Guangzhou CTF Finance Centre
14%
Shanghai Tower
14%
Shanghai World Financial Center
14%
Tianjin CTF Finance Centre
14%
Ping An Finance Center
0%
No matching quizzes found
Score Distribution
Percent of People with Each Score
Percentile by Number Answered
Your Score History
You have not taken this quiz